Cours de francais : Francúzština pre samoukov. Príloha. Materiál pre praktické precvičovanie
Gespeichert in:
| Format: | Buch |
|---|---|
| Sprache: | Französisch |
| Veröffentlicht: |
Bratislava :
ART PROGRES,
[1993]
|
| Schlagworte: | |
| Tags: |
Keine Tags, Fügen Sie das erste Tag hinzu!
|
MARC
| LEADER | 00000nam a22000003a 4500 | ||
|---|---|---|---|
| 001 | stu41075 | ||
| 005 | 20150408180624.3 | ||
| 008 | 930831s1993----cs------------------fre-d | ||
| 020 | |a 80-85329-01-8 | ||
| 040 | |a STU |b slo | ||
| 041 | 0 | |a fre | |
| 044 | |a cs | ||
| 080 | |a 804.0(075) | ||
| 245 | |a Cours de francais : |b Francúzština pre samoukov. Príloha. Materiál pre praktické precvičovanie | ||
| 260 | |a Bratislava : |b ART PROGRES, |c [1993] | ||
| 300 | |a 83 s | ||
| 650 | 7 | |a francúzština |2 stusub | |
| 996 | |b 284M026179 |c M*8315/2-4 |l MMKN |s A |a 24 |w stu41075_0001 | ||
| 996 | |b 284EK82546 |c E*82546 |l EE01 |s A |a 24 |w stu41075_0002 | ||
| 996 | |b 284M026166 |c M*8315/2-2 |l MMKN |s A |a 24 |w stu41075_0003 | ||
| 996 | |b 284M026164 |c M*8315/2-3 |l MMKN |s A |a 24 |w stu41075_0004 | ||
| 996 | |b 284M026177 |c M*8315/2-5 |l MMKN |s A |a 24 |w stu41075_0005 | ||
| 996 | |b 284M026176 |c M*8315/2-6 |l MMKN |s A |a 24 |w stu41075_0006 | ||
| 996 | |b 284M026175 |c M*8315/2-7 |l MMKN |s A |a 24 |w stu41075_0007 | ||
| 996 | |b 284M026174 |c M*8315/2-8 |l MMKN |s A |a 24 |w stu41075_0008 | ||
| 996 | |b 284M026173 |c M*8315/2-9 |l MMKN |s A |a 24 |w stu41075_0009 | ||
| 996 | |b 284M026172 |c M*8315/2-10 |l MMKN |s A |a 24 |w stu41075_0010 | ||
| 996 | |b 284M051137 |c M*8315/2-1 |l MMKN |s A |a 24 |w stu41075_0011 | ||
| 996 | |b 284EK82545 |c E*82545 |l EE01 |s A |a 24 |w stu41075_0012 | ||